Das "Danziger Dampfboot" und Theodor Fontanes Korrespondenzen in den Jahren 1851-1853

Titel: Das "Danziger Dampfboot" und Theodor Fontanes Korrespondenzen in den Jahren 1851-1853 / Hanna Olejnik
Verfasser:
In: Convivium, (2004), Seite 107-121
alle Artikel anzeigen
Veröffentlicht: 2004
Format: Aufsatz
Sprache: Deutsch
Schlagworte:
Kein Bild verfügbar
X
alg: 13598117
001A    $04504:15-02-06 
001B    $01999:23-07-19 $t23:13:11.000 
001D    $04504:15-02-06 
001U    $0utf8 
001X    $00 
002@    $0Aou 
003@    $0135981174 
007A    $0135981174 $aHEB 
010@    $ager 
011@    $a2004 
021A    $aDas @"Danziger Dampfboot" und Theodor Fontanes Korrespondenzen in den Jahren 1851-1853 $hHanna Olejnik 
028A    $7 $8Olejnik, Hanna [Tnd] $9200360167 
031A    $h107-121 $j2004 
039B    $aIn $8--Abvc--. Convivium. - Łódź : Verlag der Universität Lodz, 1994-. - ISSN 2196-8403 $x200400000000000893 $9048657417 
044K    $#Fontane, Theodor $#Fontane, Teodor $#Fontane, Theodore $#Fontane, Henri Théodore $#Fontane, Heinrich Theodor $#Lafontaine $#Fontāne, Tēodoa $#Fūntāna, Tīyūdūr $#Fontāne, Teodōru $#Fontane, Th. $#Fontane-Heyse $#Fontāne, Teodors $#Fontanė, Teodoras $#Fengtana, Taiaoduoer $#P̕ontane, T̕eodor $#Fonṭaneh, Teʾodor $#Fūntāna, Tiʾūdūr $#Lafontaine  $#Lafontaine (Übername) $#폰타네, 테오도어 $#폰타네, 테오도르 $#פונטאנה, תיאודור $#フォンターネ, テオドア $#フォンターネ, テーオドア $#フォンターネ, テーオドル $#フォンターネ, テオドール $7118534262 $8Fontane, Theodor$Z1819-1898 [Tp1] $9086875329 
044M    $sDanziger Dampfboot  
045R    $aGeschichte 1851-1853 
045T    $a7,20 $a7,20 
045T    $aAVL $qDE-30 $2FID 
045T    $aGER $qDE-30 $2FID 
045V    $aFontane, Theodor $815.15.00$jZu einzelnen Autoren [Tkx] $9118843672 

lok: 13598117 62

exp: 13598117 62 1 #EPN
201B/01 $015-02-06 $t20:35:31.000 
203@/01 $0355670046 
208@/01 $a15-02-06 $be 
209A/01 $a/ $f000 $x00 
209B/01 $a2006 $x05 
247C/01 $8Frankfurt, Bibliographie der Deutschen Sprach- und Literaturwissenschaft $9113214561 
201U/01 $0utf8 

lok: 13598117 78

exp: 13598117 78 1 #EPN
201B/01 $022-08-22 $t16:36:14.000 
201C/01 $022-08-22 
201U/01 $0utf8 
203@/01 $01212762878 
208@/01 $a22-08-22 $be 
209A/01 $a/ $f000 $x00 
209A/01 $ab*p $x01 
220C/01 $aeja 
244Z/01 $#Westpreußen $#Königlich-Preußen $#Polnisch-Preußen $#Königliches Preußen $74079244-4 $8--Tg1--Westpreußen $x11 $908522510X 
247C/01 $82080>Marburg/Lahn, Herder-Institut, Forschungsbibliothek, Bibliographieportal $9336309341
LEADER 00000caa a2200000 c 4500
001 135981174
003 DE-603
005 20190723231311.0
007 tu
008 060215s2004 xx |||| | u00||u|ger c
035 |a (DE-599)HEB135981174 
040 |a DE-603  |b ger  |c DE-603  |d DE-603 
041 |a ger 
084 |a 7,20  |a 7,20  |2 ssgn 
084 |a AVL  |q DE-30  |2 fid 
084 |a GER  |q DE-30  |2 fid 
100 1 |a Olejnik, Hanna  |0 (DE-603)200360167 
245 0 0 |a ˜Dasœ "Danziger Dampfboot" und Theodor Fontanes Korrespondenzen in den Jahren 1851-1853  |c Hanna Olejnik 
264 0 |c 2004 
600 1 7 |a Fontane, Theodor  |d 1819-1898  |0 (DE-588)118534262  |0 (DE-603)086875329  |2 gnd 
648 7 |a Geschichte 1851-1853  |2 gnd 
773 0 8 |i In  |t Convivium  |d Łódź : Verlag der Universität Lodz, 1994-  |x 2196-8403  |g (2004), Seite 107-121  |w (DE-603)048657417  |w (DE-600)1221798-0 
924 0 |9 603  |a (DE-603)355670046  |b DE-603  |c HES  |d d 
924 0 |9 2080  |a (DE-603)1212762878  |b DE-2080  |c HES  |d d  |g /